Pier 4 - Clairo (Lyrics) - Statistics

General Stats
  • This quiz has been taken 5 times
  • The average score is 137 of 163
Answer Stats
Answer % Correct
a
100%
all
100%
and
100%
at
100%
be
100%
being
100%
close
100%
different
100%
disappear
100%
do
100%
dumb
100%
enough
100%
enough?
100%
find
100%
have
100%
i
100%
if
100%
is
100%
it
100%
it?
100%
just
100%
line
100%
matches
100%
need
100%
no
100%
not
100%
oh
100%
own
100%
play
100%
playing
100%
reason
100%
sad
100%
strike
100%
the
100%
to
100%
when
100%
where's
100%
wonder
100%
you
100%
you'll
100%
young
100%
your
100%
you're
100%
chalk
75%
cost
75%
done
75%
draw
75%
in
75%
it's
75%
know
75%
loved
75%
much
75%
of
75%
one
75%
pier
75%
some
75%
something
75%
too
75%
up
75%
what's
75%
why
75%
with
75%
you've
75%
alone
50%
everywhere
50%
eye
50%
hands
50%
home
50%
i've
50%
knew
50%
knows
50%
logs
50%
my
50%
opened
50%
soft
50%
strangers
50%
there
50%
touch
50%
touching
50%
walking
50%
was
50%
catch
25%
fun
25%
gonna
25%
he
25%
i'm
25%
moments
25%
now
25%
out
25%
run
25%
shed
25%
she's
25%
while
25%
from
0%
may
0%
tough
0%
No matching quizzes found
Score Distribution
Percent of People with Each Score
Percentile by Number Answered
Your Score History
You have not taken this quiz